zpět

Detail výsledku týmu

The Pub Praha 2 ST, Praha

Datum a čas kvízu

44 Celkem bodů Celkový počet nahraných bodů na tomto kvízu bez doplňovacích otázek.
1. Pořadí na kvízu Konečné umístění týmu na tomto kvízu.

Zaznamenané odpovědi

# Otázka Odpověď Body Výsledky
1. Při projednávání programu schů... Alena Schillerová 1
2. V sobotu začala nová epocha do... Crew Dragon 1
3. V neděli se konalo finále pěve... Monika Bagárová 1
4. Který z našich mobilních operá... Vodafone 1
5. Magazín Forbes zveřejnil žebří... Roger Federer 1
6. Napište výraz čítající osm pís... nanismus 1
7. Tohoto muže nejvíce proslavila... Peter Dinklage 1
8. Mezi hlavní postavy Pevnosti B... Paklíč a Pačes 1
9. Příběh o Sněhurce jistě nemusí... Šmudla, Kejchal 1
10. Nejznámější trpasličí planetou... Charón 1